| 000 | 00439nam a2200193Ia 4500 | ||
|---|---|---|---|
| 005 | 20240823041803.0 | ||
| 008 | 240823s9999||||xx |||||||||||||| ||und|| | ||
| 041 | _aENGLISH | ||
| 082 | _A823.8 | ||
| 100 | _aMythili S | ||
| 245 | 0 | _aThomas Hardy s tess of the D Urbervilles | |
| 250 | _a1st | ||
| 260 | _bBlackie | ||
| 500 | _aTRANSFERED | ||
| 650 |
_aStory _bEnglish |
||
| 700 | _a Kadambari V | ||
| 942 | _cBK | ||
| 999 |
_c206330 _d206330 |
||